[Event "SVG Alsdorf 1 - SF Gerresheim 1"]
[Site "NRW-Liga - Gruppe 2 2019/2020"]
[Date "2020.03.08"]
[Round "7.2"]
[White "Deleyn, Gunter"]
[Black "Liedmann, Dennis"]
[Result "1-0"]
[WhiteElo "2166"]
[BlackElo "2096"]
[PlyCount "85"]
[EventDate "2020.??.??"]
[SourceVersionDate "2020.03.16"]
[WhiteTeam "SVG Alsdorf 1"]
[BlackTeam "SF Gerresheim 1"]

1. g3 c5 2. c4 Nc6 3. Bg2 b6 4. Nf3 Bb7 5. O-O g6 6. Nc3 Bg7 7. b3 e6 8. Bb2
Nge7 9. e4 O-O 10. d3 f5 11. Qd2 Nb4 12. Rfe1 f4 13. gxf4 Bh6 14. Ne2 d5 15.
Ng5 Qd6 16. Be5 Qd7 17. cxd5 Bxg5 18. fxg5 exd5 19. Bb2 Ba6 20. Nc1 Qg4 21. Bf6
Rae8 22. a3 Nbc6 23. Kh1 Nd4 24. h3 Qh4 25. Re3 h6 26. Rg3 dxe4 27. dxe4 Nec6
28. Kh2 Ne5 29. f4 Nec6 30. Rg4 Qh5 31. Rb1 Bc8 32. Rg3 hxg5 33. Bxg5 Be6 34.
b4 Rf7 35. bxc5 bxc5 36. Nd3 Rd7 37. Qe1 Nc2 38. Qc3 Qe2 39. Nxc5 Rd2 40. Nxe6
Rxe6 41. Rb7 N2d4 42. f5 Rxe4 43. Qxd2 1-0

[Event "SVG Alsdorf 1 - SF Gerresheim 1"]
[Site "NRW-Liga - Gruppe 2 2019/2020"]
[Date "2020.03.08"]
[Round "7.3"]
[White "Van Lanen, Toon"]
[Black "Minyeyevtsev, Semen"]
[Result "1/2-1/2"]
[WhiteElo "2104"]
[BlackElo "2149"]
[PlyCount "75"]
[EventDate "2020.??.??"]
[SourceVersionDate "2020.03.16"]
[WhiteTeam "SF Gerresheim 1"]
[BlackTeam "SVG Alsdorf 1"]

1. e4 e5 2. Nf3 Nc6 3. d4 exd4 4. Nxd4 Bc5 5. Be3 Qf6 6. c3 Nge7 7. g3 d5 8.
Bg2 Bxd4 9. cxd4 dxe4 10. Nc3 Qg6 11. d5 Ne5 12. Bxe4 Bf5 13. Qa4+ c6 14. Bxf5
Qxf5 15. O-O-O O-O 16. Qc2 Rfd8 17. Bd4 Qxc2+ 18. Kxc2 Nf3 19. Rd3 Nxd4+ 20.
Rxd4 cxd5 21. Rhd1 Nc6 22. R4d2 d4 23. Nb5 d3+ 24. Kb3 a6 25. Nc3 Nd4+ 26. Ka3
Nc2+ 27. Kb3 Nd4+ 28. Ka3 Nc2+ 29. Kb3 Nd4+ 30. Kb4 Nc6+ 31. Kc5 Ne5 32. f4
Rac8+ 33. Kb4 Nc6+ 34. Kb3 Na5+ 35. Kb4 Nc6+ 36. Kb3 Na5+ 37. Kb4 Nc6+ 38. Kb3
1/2-1/2

[Event "SVG Alsdorf 1 - SF Gerresheim 1"]
[Site "NRW-Liga - Gruppe 2 2019/2020"]
[Date "2020.03.08"]
[Round "7.4"]
[White "Clopes Llahi, Judit"]
[Black "Selten, Jan"]
[Result "0-1"]
[WhiteElo "2129"]
[BlackElo "2054"]
[PlyCount "90"]
[EventDate "2020.??.??"]
[SourceVersionDate "2020.03.16"]
[WhiteTeam "SVG Alsdorf 1"]
[BlackTeam "SF Gerresheim 1"]

1. e4 e6 2. d4 d5 3. Nd2 Nf6 4. e5 Nfd7 5. Bd3 c5 6. c3 Nc6 7. Ne2 cxd4 8. cxd4
f6 9. exf6 Nxf6 10. Nf3 Bd6 11. O-O O-O 12. Bf4 Ne4 13. Bxd6 Qxd6 14. Ng3 Qf4
15. Qc1 Bd7 16. Qxf4 Rxf4 17. Rfe1 Nf6 18. Rad1 Rf8 19. Ne2 Rxf3 20. gxf3 Nh5
21. Bb5 Rxf3 {(=)} 22. Rd3 Rf6 23. Bxc6 Bxc6 24. Re3 Kf7 25. f3 Ke7 26. Kf2 Kd6
27. Re5 g6 28. Re3 Ng7 29. Ng3 h5 30. Rd1 g5 31. Ra3 a6 32. Rg1 g4 33. h3 h4
34. Ne2 g3+ 35. Kg2 Bb5 36. Nc3 Nh5 37. Nxb5+ axb5 38. Rb3 Nf4+ 39. Kf1 Rg6 40.
Rg2 Nxh3 41. Rxb5 Nf4 42. Rxb7 h3 43. Rh7 hxg2+ 44. Kg1 e5 45. Rh4 Rf6 0-1

[Event "SVG Alsdorf 1 - SF Gerresheim 1"]
[Site "NRW-Liga - Gruppe 2 2019/2020"]
[Date "2020.03.08"]
[Round "7.5"]
[White "Koehler, Markus"]
[Black "Winkels, Marcel"]
[Result "1/2-1/2"]
[WhiteElo "2112"]
[BlackElo "2001"]
[PlyCount "139"]
[EventDate "2020.??.??"]
[SourceVersionDate "2020.03.16"]
[WhiteTeam "SF Gerresheim 1"]
[BlackTeam "SVG Alsdorf 1"]

1. c4 Nf6 2. g3 g6 3. Bg2 Bg7 4. Nc3 O-O 5. e4 d6 6. Nge2 e5 7. O-O c6 8. d4
Nbd7 9. d5 Nb6 10. Qd3 cxd5 11. cxd5 Nbd7 12. h3 Nc5 13. Qc2 a5 14. Be3 b6 15.
a3 Ba6 16. b4 Bd3 17. Qd2 axb4 18. Bxc5 Bxe2 19. Nxe2 bxc5 20. axb4 Qb6 21.
bxc5 Qxc5 22. Rac1 Qa3 23. Qc3 Qa6 24. Qc4 Qxc4 25. Rxc4 Rfb8 26. Rfc1 Nd7 27.
Rc6 Bf8 28. f4 Rb2 29. R1c2 Raa2 30. Rxb2 Rxb2 31. Nc3 f6 32. fxe5 Nxe5 33. Rc7
h5 34. Kf1 Bh6 35. Ne2 Be3 36. Bh1 Rd2 37. Rc3 Nd3 38. Bf3 Bc5 39. Bh1 Rd1+ 40.
Kg2 Nf2 41. Rc1 Rxc1 42. Nxc1 Nxe4 43. Nd3 Kf7 44. Kf3 Nd2+ 45. Ke2 Nb3 46. Nf4
Nd4+ 47. Kd3 Nf5 48. Be4 Ne7 49. Ne6 Bf2 50. g4 f5 51. gxf5 gxf5 52. Bf3 h4 53.
Kc4 Kf6 54. Nf4 Bg3 55. Nd3 Be5 56. Kb5 Bd4 57. Kc4 Be3 58. Kb5 Kg5 59. Bg2 Bg1
60. Bf3 Bh2 61. Kc4 Ng6 62. Bg2 Nf4 63. Bf1 Nxd3 64. Kxd3 Kf4 65. Ke2 Kg3 66.
Ke1 Bg1 67. Bd3 f4 68. Kf1 Bc5 69. Bf5 f3 70. Be6 1/2-1/2

[Event "SVG Alsdorf 1 - SF Gerresheim 1"]
[Site "NRW-Liga - Gruppe 2 2019/2020"]
[Date "2020.03.08"]
[Round "7.6"]
[White "Reinhard, Marcus"]
[Black "Finke, Tobias"]
[Result "0-1"]
[WhiteElo "1940"]
[BlackElo "2044"]
[PlyCount "102"]
[EventDate "2020.??.??"]
[SourceVersionDate "2020.03.16"]
[WhiteTeam "SVG Alsdorf 1"]
[BlackTeam "SF Gerresheim 1"]

1. e4 e5 2. Nc3 Nc6 3. g3 Nf6 4. Bg2 Bc5 5. d3 d6 6. h3 Bd7 7. Na4 Bb4+ 8. c3
Ba5 9. b4 Nxb4 10. cxb4 Bxb4+ 11. Ke2 c5 12. a3 Ba5 13. Nf3 b5 14. Nb2 O-O 15.
Qc2 Qc8 16. a4 a6 17. Bg5 Bd8 18. Rhc1 h6 19. Be3 Rb8 20. axb5 axb5 21. Nxe5
dxe5 22. Qxc5 Qxc5 23. Bxc5 Re8 24. Bd6 Rb6 25. Bb4 Rb8 26. Ra6 Bc8 27. Rac6
Bb7 28. R6c3 Bb6 29. Bc5 Ba5 30. Ra3 Ra8 31. Rca1 Bc7 {(=)} 32. Ke3 Nd7 33.
Rxa8 Rxa8 34. Rxa8+ Bxa8 35. Ba7 Ba5 36. f4 f6 37. d4 exd4+ 38. Kxd4 Be1 39.
Nd3 Bxg3 40. Ke3 f5 41. Bf3 fxe4 42. Bxe4 Bxe4 43. Kxe4 Kf7 44. Bd4 Bh4 45. Kd5
Bf6 46. Bf2 Kg6 47. Ke4 Bc3 48. f5+ Kg5 49. Be3+ Kh4 50. Kd5 Nf6+ 51. Ke6 Kxh3
0-1

[Event "SVG Alsdorf 1 - SF Gerresheim 1"]
[Site "NRW-Liga - Gruppe 2 2019/2020"]
[Date "2020.03.08"]
[Round "7.7"]
[White "Sapkowski, Wieslaw"]
[Black "Schettler, Jürgen"]
[Result "1/2-1/2"]
[WhiteElo "2009"]
[BlackElo "1944"]
[PlyCount "46"]
[EventDate "2020.??.??"]
[SourceVersionDate "2020.03.16"]
[WhiteTeam "SF Gerresheim 1"]
[BlackTeam "SVG Alsdorf 1"]

1. e4 e6 2. d4 d5 3. exd5 exd5 4. Bd3 Nc6 5. c3 Bd6 6. Nf3 Bg4 7. O-O Nge7 8.
Re1 Qd7 9. Nbd2 O-O-O 10. b4 Ng6 11. Nf1 Rde8 12. Be3 Nce7 13. h3 Bf5 14. Ng3
Bxd3 15. Qxd3 Bxg3 16. fxg3 Nf5 17. Bf2 Nd6 18. Nd2 Rxe1+ 19. Rxe1 Re8 20.
Rxe8+ Qxe8 21. Qf3 Qe6 22. a4 Ne7 23. g4 f5 1/2-1/2

[Event "SVG Alsdorf 1 - SF Gerresheim 1"]
[Site "NRW-Liga - Gruppe 2 2019/2020"]
[Date "2020.03.08"]
[Round "7.8"]
[White "Krug, Reinhard"]
[Black "Angermuende, Dirk"]
[Result "1/2-1/2"]
[WhiteElo "1902"]
[BlackElo "1971"]
[PlyCount "29"]
[EventDate "2020.??.??"]
[SourceVersionDate "2020.03.16"]
[WhiteTeam "SVG Alsdorf 1"]
[BlackTeam "SF Gerresheim 1"]

1. Nf3 Nf6 2. c4 c5 3. Nc3 Nc6 4. g3 g6 5. Bg2 Bg7 6. O-O O-O 7. d4 cxd4 8.
Nxd4 Nxd4 9. Qxd4 d6 10. Qd2 Re8 11. b3 Rb8 12. Bb2 Qa5 13. Rfd1 Qh5 14. Nd5
Nxd5 15. Bxg7 1/2-1/2

[Event "Elberfelder SG 1 - LSV Turm Lippstadt 1"]
[Site "NRW-Liga - Gruppe 2 2019/2020"]
[Date "2020.03.08"]
[Round "7.1"]
[White "Hecht, Carsten"]
[Black "Odendahl, Reiner"]
[Result "1-0"]
[WhiteElo "2292"]
[BlackElo "2249"]
[PlyCount "79"]
[EventDate "2020.??.??"]
[SourceVersionDate "2020.03.16"]
[WhiteTeam "LSV Turm Lippstadt 1"]
[BlackTeam "Elberfelder SG 1"]

1. e4 c5 2. Nf3 Nc6 3. d4 cxd4 4. Nxd4 g6 5. c4 Bg7 6. Be3 Nf6 7. Nc3 O-O 8.
Be2 d6 9. O-O Bd7 10. f3 Nxd4 11. Bxd4 a5 12. Qd2 Bc6 13. b3 Nd7 14. Bf2 Nc5
15. Rab1 Qc7 16. Rfc1 Rfc8 17. Bd1 Qd8 18. a3 Ne6 19. b4 axb4 20. axb4 Ra3 21.
Bb3 Qf8 22. Be3 h5 23. c5 dxc5 24. bxc5 Rd8 25. Nd5 Kh7 26. Rd1 Rd7 27. Qb4 Qa8
28. f4 Qa5 29. Qc4 Ba4 30. f5 Rxb3 31. Rxb3 Bxb3 32. Qxb3 Nxc5 33. Qc4 Na4 34.
Qf1 Qd8 35. fxg6+ fxg6 36. Qf7 Rd6 37. e5 Ra6 38. Nf6+ Rxf6 39. Qxg7+ Kxg7 40.
exf6+ 1-0

[Event "Elberfelder SG 1 - LSV Turm Lippstadt 1"]
[Site "NRW-Liga - Gruppe 2 2019/2020"]
[Date "2020.03.08"]
[Round "7.2"]
[White "Hintze, Helge"]
[Black "Wagner, Alexej"]
[Result "1/2-1/2"]
[WhiteElo "2231"]
[BlackElo "2253"]
[PlyCount "120"]
[EventDate "2020.??.??"]
[SourceVersionDate "2020.03.16"]
[WhiteTeam "Elberfelder SG 1"]
[BlackTeam "LSV Turm Lippstadt 1"]

1. c4 Nf6 2. g3 e6 3. Bg2 d5 4. Nf3 c5 5. O-O Nc6 6. cxd5 exd5 7. d4 Be6 8. Nc3
Be7 9. dxc5 Bxc5 10. Bg5 Be7 11. Nd4 h6 12. Be3 O-O 13. Rc1 Bg4 14. h3 Bd7 15.
Kh2 Ne5 16. Nf3 Nxf3+ 17. Bxf3 Bc6 18. Qd3 Qd7 19. Rfd1 Rfd8 20. Bd4 Qe6 21.
Nb5 Bxb5 22. Qxb5 Rd7 23. Bxf6 a6 24. Bxd5 axb5 25. Bxe6 Rxd1 26. Rxd1 Bxf6 27.
Bd5 Rc8 28. Kg2 Rc2 29. e3 Kf8 30. Bb3 Rc7 31. Rd2 Ke7 32. h4 b6 33. h5 Be5 34.
f4 Bd6 35. Kf3 Bc5 36. e4 f6 37. e5 fxe5 38. fxe5 Rd7 39. Bd5 Rd8 40. Ke4 b4
41. Kf5 Be3 42. Rd3 Bc1 43. Kg6 Bxb2 44. Kxg7 Bxe5+ 45. Kxh6 Bxg3 46. Re3+ Kf8
47. Rf3+ Ke7 48. Rxg3 Rxd5 49. Rg5 Rd2 50. Kg7 Rxa2 51. h6 Kd6 52. h7 Ra8 53.
Rb5 Kc6 54. Rxb4 Kc5 55. Rh4 b5 56. h8=Q Rxh8 57. Rxh8 b4 58. Kf6 Kd4 59. Rb8
Kc3 60. Ke5 b3 1/2-1/2

[Event "Elberfelder SG 1 - LSV Turm Lippstadt 1"]
[Site "NRW-Liga - Gruppe 2 2019/2020"]
[Date "2020.03.08"]
[Round "7.3"]
[White "Grobbel, Rainer"]
[Black "Volkov, Mykyta"]
[Result "1/2-1/2"]
[WhiteElo "2116"]
[BlackElo "2177"]
[PlyCount "25"]
[EventDate "2020.??.??"]
[SourceVersionDate "2020.03.16"]
[WhiteTeam "LSV Turm Lippstadt 1"]
[BlackTeam "Elberfelder SG 1"]

1. d4 Nf6 2. c4 e6 3. Nc3 Bb4 4. Qc2 O-O 5. Nf3 c5 6. dxc5 Na6 7. e3 Nxc5 8.
Bd2 b6 9. Be2 Ba6 10. Rc1 d5 11. Nb5 Bxd2+ 12. Qxd2 Nce4 13. Qb4 1/2-1/2

[Event "Elberfelder SG 1 - LSV Turm Lippstadt 1"]
[Site "NRW-Liga - Gruppe 2 2019/2020"]
[Date "2020.03.08"]
[Round "7.4"]
[White "Noetzel, Frank"]
[Black "Kruse, Janik"]
[Result "1-0"]
[WhiteElo "2209"]
[BlackElo "2155"]
[PlyCount "69"]
[EventDate "2020.??.??"]
[SourceVersionDate "2020.03.16"]
[WhiteTeam "Elberfelder SG 1"]
[BlackTeam "LSV Turm Lippstadt 1"]

1. f4 d5 2. d3 Nc6 3. Nf3 Bg4 4. Nbd2 e6 5. c3 Qf6 6. g3 h5 7. h3 Bf5 8. Bg2
Qg6 9. Nf1 Be7 10. Qa4 Bf6 11. e4 Nge7 12. exf5 Nxf5 13. Kf2 O-O 14. d4 Nd6 15.
Kg1 Ne4 16. Qc2 Ne7 17. Be3 Nf5 18. Bf2 Nfd6 19. Rc1 Qh6 20. h4 Be7 21. Ng5 f5
22. Qe2 Rf6 23. Bf3 g6 24. Kg2 b5 25. Ne3 Qf8 26. Nc2 Qe8 27. Ne1 Nc4 28. Nd3
Ncd2 29. Bxe4 Nxe4 30. Ne5 Bd6 31. Be3 a5 32. Rc2 a4 33. Rhc1 Bf8 34. Nxe4 fxe4
35. Rg1 1-0

[Event "Elberfelder SG 1 - LSV Turm Lippstadt 1"]
[Site "NRW-Liga - Gruppe 2 2019/2020"]
[Date "2020.03.08"]
[Round "7.5"]
[White "Niediek, Cedric"]
[Black "Kurr, Gerd"]
[Result "1-0"]
[WhiteElo "2058"]
[BlackElo "2123"]
[PlyCount "57"]
[EventDate "2020.??.??"]
[SourceVersionDate "2020.03.16"]
[WhiteTeam "LSV Turm Lippstadt 1"]
[BlackTeam "Elberfelder SG 1"]

1. e4 c6 2. d4 d5 3. e5 Bf5 4. Nf3 e6 5. Be2 Nd7 6. O-O Ne7 7. Nbd2 h6 8. h3 c5
9. dxc5 Nc6 10. c4 dxc4 11. Nxc4 Bxc5 12. Bf4 O-O 13. a3 Nb6 14. b4 Bd4 15. Rc1
Nxc4 16. Rxc4 Bb6 17. Qc1 f6 18. Rd1 Qe7 19. exf6 Qxf6 20. Rd7 e5 21. Rxb7 Nd4
22. Nxd4 exd4 23. Rc6 Qh4 24. g3 Qxh3 25. Qc4+ Kh7 26. Bd3 Rac8 27. Rxc8 Rxc8
28. Qxc8 Bxd3 29. Qxh3 1-0

[Event "Elberfelder SG 1 - LSV Turm Lippstadt 1"]
[Site "NRW-Liga - Gruppe 2 2019/2020"]
[Date "2020.03.08"]
[Round "7.6"]
[White "Werbeck, Torsten"]
[Black "Schulte, Tobias"]
[Result "1/2-1/2"]
[WhiteElo "2014"]
[BlackElo "1735"]
[PlyCount "69"]
[EventDate "2020.??.??"]
[SourceVersionDate "2020.03.16"]
[WhiteTeam "Elberfelder SG 1"]
[BlackTeam "LSV Turm Lippstadt 1"]

1. d4 Nf6 2. Nf3 c5 3. dxc5 e6 4. g3 Nc6 5. Bg2 Bxc5 6. c4 Bb4+ 7. Bd2 Be7 8.
Nc3 d5 9. e3 O-O 10. O-O dxc4 11. Qa4 Bd7 12. Qxc4 Rc8 13. Qe2 Qc7 14. Rac1
Rfd8 15. h3 Qb8 16. Rfd1 Be8 17. e4 Nd7 18. Bf4 Nde5 19. a3 Nxf3+ 20. Bxf3 e5
21. Be3 Nd4 22. Bxd4 exd4 23. Nd5 Rxc1 24. Rxc1 Qe5 25. Qd3 Bc6 26. Kg2 Bxd5
27. exd5 h6 28. Qb5 Qb8 29. Qc4 Bf6 30. Kf1 Qd6 31. a4 g6 32. b4 Qd7 33. b5
Qxh3+ 34. Bg2 Qd7 35. Qc7 1/2-1/2

[Event "Elberfelder SG 1 - LSV Turm Lippstadt 1"]
[Site "NRW-Liga - Gruppe 2 2019/2020"]
[Date "2020.03.08"]
[Round "7.7"]
[White "Kuehler, Andreas"]
[Black "Fuchs, Thomas"]
[Result "1/2-1/2"]
[WhiteElo "1903"]
[BlackElo "1918"]
[PlyCount "57"]
[EventDate "2020.??.??"]
[SourceVersionDate "2020.03.16"]
[WhiteTeam "LSV Turm Lippstadt 1"]
[BlackTeam "Elberfelder SG 1"]

1. d4 Nf6 2. Nf3 g6 3. Bf4 Bg7 4. Nc3 c5 5. Qd2 cxd4 6. Nxd4 Nc6 7. e4 O-O 8.
Be2 d5 9. Nxc6 bxc6 10. exd5 Nxd5 11. Nxd5 cxd5 12. c3 e5 13. Bh6 Be6 14. Bxg7
Kxg7 15. O-O Qb6 16. a4 a5 17. Bb5 Rfd8 18. Rfd1 d4 19. Qe2 Qc5 20. cxd4 exd4
21. Rac1 Qd6 22. h3 Rac8 23. Qd2 Qb6 24. Rxc8 Bxc8 25. b4 axb4 26. Qxb4 Ba6 27.
Qc4 Bb7 28. Qb4 Ba6 29. Qc4 1/2-1/2

[Event "Elberfelder SG 1 - LSV Turm Lippstadt 1"]
[Site "NRW-Liga - Gruppe 2 2019/2020"]
[Date "2020.03.08"]
[Round "7.8"]
[White "Pfeiffer, Stefan"]
[Black "Besou, Hussain"]
[Result "1/2-1/2"]
[WhiteElo "1952"]
[BlackElo "1891"]
[PlyCount "58"]
[EventDate "2020.??.??"]
[SourceVersionDate "2020.03.16"]
[WhiteTeam "Elberfelder SG 1"]
[BlackTeam "LSV Turm Lippstadt 1"]

1. d4 Nf6 2. Nf3 e6 3. Bf4 b6 4. e3 Bb7 5. Nbd2 Be7 6. h3 O-O 7. Be2 c5 8. c3
d6 9. O-O Nbd7 10. Bh2 Rc8 11. Qb1 cxd4 12. exd4 a6 13. a4 Re8 14. Rd1 Nf8 15.
Qd3 Ng6 16. b4 Nd5 17. Nb1 Ngf4 18. Bxf4 Nxf4 19. Qd2 Bg5 20. Qe1 Nxe2+ 21.
Qxe2 Bh6 22. Ra3 Qf6 23. Nbd2 e5 24. dxe5 dxe5 25. Ne4 Bxe4 26. Qxe4 Qg6 27.
Qxg6 hxg6 28. Rd6 Bc1 29. Rb3 Rb8 1/2-1/2

[Event "SG Kirchlengern 1 - zweihochsechs Biele"]
[Site "NRW-Klasse - Gruppe 1 2019/20"]
[Date "2019.09.08"]
[Round "1.1"]
[White "Fuhlrott, Tim"]
[Black "Gulatz, Maurice"]
[Result "1/2-1/2"]
[WhiteElo "2007"]
[BlackElo "2191"]
[Annotator "Daniel"]
[PlyCount "42"]
[EventDate "2019.??.??"]
[SourceVersionDate "2020.03.16"]
[WhiteTeam "zweihochsechs Bielefeld 1"]
[BlackTeam "SG Kirchlengern 1"]

1. e4 c5 2. Nf3 e6 3. d4 cxd4 4. Nxd4 a6 5. Nc3 Qc7 6. Be3 Nf6 7. a3 b5 8. f3
d6 9. g4 Bb7 10. Qd2 Nc6 11. Nxc6 Bxc6 12. g5 Nd7 13. h4 Be7 14. h5 Ne5 15. Be2
Bb7 16. Bd4 $11 Rg8 17. O-O-O Nc4 18. Bxc4 Qxc4 19. g6 fxg6 20. hxg6 h6 21.
Rhf1 O-O-O 1/2-1/2

[Event "SG Kirchlengern 1 - zweihochsechs Biele"]
[Site "NRW-Klasse - Gruppe 1 2019/20"]
[Date "2019.09.08"]
[Round "1.2"]
[White "Braun, Peter"]
[Black "Stukenbrok, Nils"]
[Result "1-0"]
[WhiteElo "2031"]
[BlackElo "2011"]
[Annotator "Daniel"]
[PlyCount "109"]
[EventDate "2019.??.??"]
[SourceVersionDate "2020.03.16"]
[WhiteTeam "SG Kirchlengern 1"]
[BlackTeam "zweihochsechs Bielefeld 1"]

1. d4 Nf6 2. c4 e6 3. Nf3 d5 4. g3 Be7 5. Bg2 O-O 6. O-O dxc4 7. Ne5 Nc6 8.
Bxc6 bxc6 9. Nxc6 Qe8 10. Nxe7+ Qxe7 11. Qa4 e5 12. dxe5 Qxe5 13. Qxc4 Be6 14.
Qc2 Bf5 15. Qd2 Bxb1 16. Rxb1 Rfe8 17. Rd1 Qxe2 18. Qxe2 Rxe2 19. Be3 Rc2 20.
Rdc1 Rxc1+ 21. Rxc1 Ne8 22. b3 a6 23. Rc6 f6 24. Bf4 Kf7 25. Kf1 Ke7 26. Ke2
Kd7 27. Rc5 $11 c6 28. h4 g6 29. Rc4 Ng7 30. Rd4+ Ke7 31. Rb4 Ra7 32. Be3 Rc7
33. Rb6 Nf5 34. Rxa6 Nxe3 35. Kxe3 Kd6 36. b4 Rb7 37. a3 g5 38. h5 Rb5 39. Ra5
Rb7 40. Ke4 Ke6 41. g4 Rb5 42. Rxb5 cxb5 43. f3 Kd6 44. f4 Ke6 45. h6 gxf4 46.
Kxf4 Kf7 47. Kf5 Ke7 48. g5 fxg5 49. Kxg5 Ke6 50. Kf4 Kf6 $11 51. Ke4 Kg5 52.
Kd4 Kxh6 53. a4 bxa4 54. b5 Kg5 55. b6 1-0

[Event "SG Kirchlengern 1 - zweihochsechs Biele"]
[Site "NRW-Klasse - Gruppe 1 2019/20"]
[Date "2019.09.08"]
[Round "1.3"]
[White "Guthier, Max"]
[Black "Krueger, Tim"]
[Result "1-0"]
[WhiteElo "2009"]
[BlackElo "2031"]
[PlyCount "67"]
[EventDate "2019.??.??"]
[SourceVersionDate "2020.03.16"]
[WhiteTeam "zweihochsechs Bielefeld 1"]
[BlackTeam "SG Kirchlengern 1"]

1. e4 c5 2. Nf3 Nc6 3. d4 cxd4 4. Nxd4 Nf6 5. Nc3 e5 6. Ndb5 d6 7. Bg5 a6 8.
Na3 b5 9. Bxf6 gxf6 10. Nd5 f5 11. c3 Bg7 12. Bd3 Be6 13. Qh5 O-O 14. O-O f4
15. Nc2 h6 16. a4 bxa4 17. Rxa4 a5 18. Rfa1 Rb8 19. R1a2 Qd7 20. Qd1 Rb7 21.
Ba6 Rbb8 22. Qd3 f5 23. Bb5 fxe4 24. Qc4 Rxb5 25. Qxb5 Qf7 26. c4 Nd4 27. Qxa5
Nxc2 28. Qd2 e3 29. Qxc2 exf2+ 30. Qxf2 Qh5 31. Qf3 Bg4 32. Qd3 Re8 33. Ra8 Bf8
34. Nf6+ 1-0

[Event "SG Kirchlengern 1 - zweihochsechs Biele"]
[Site "NRW-Klasse - Gruppe 1 2019/20"]
[Date "2019.09.08"]
[Round "1.4"]
[White "Ott, Mathias"]
[Black "Spisla, Dominik"]
[Result "0-1"]
[WhiteElo "1951"]
[BlackElo "1976"]
[PlyCount "84"]
[EventDate "2019.??.??"]
[SourceVersionDate "2020.03.16"]
[WhiteTeam "SG Kirchlengern 1"]
[BlackTeam "zweihochsechs Bielefeld 1"]

1. d4 Nf6 2. c4 e6 3. Nc3 Bb4 4. Qc2 c5 5. dxc5 O-O 6. a3 Bxc5 7. b4 Be7 8. Bb2
b6 9. Nf3 Bb7 10. e3 d6 11. Be2 Nbd7 12. O-O Rc8 13. Rfd1 Qc7 14. Qb3 d5 15.
cxd5 Nxd5 16. Rac1 Qb8 17. Nxd5 Bxd5 18. Qa4 Bf6 19. Bd4 Bxd4 20. Nxd4 Rxc1 21.
Rxc1 Rc8 22. Rd1 Nf6 23. Ba6 Rc3 24. Bf1 Ng4 25. g3 Ne5 26. b5 Qc7 27. Bg2 Rc4
28. Qa6 Rc1 29. Qa4 Nd3 30. Bxd5 Nb2 31. Qb4 Rxd1+ 32. Kg2 Nd3 33. Qb3 Rd2 34.
Bc6 Nxf2 35. Kg1 Nh3+ 36. Kh1 Nf2+ 37. Kg1 Nh3+ 38. Kh1 Qe5 39. Bf3 Qc5 40. Qb1
Qxa3 41. Qe1 Qb2 42. Ne2 Qc2 0-1

[Event "SG Kirchlengern 1 - zweihochsechs Biele"]
[Site "NRW-Klasse - Gruppe 1 2019/20"]
[Date "2019.09.08"]
[Round "1.5"]
[White "Oelschlaeger, Lennart"]
[Black "Dilger, Tim"]
[Result "1/2-1/2"]
[WhiteElo "1929"]
[BlackElo "1848"]
[PlyCount "98"]
[EventDate "2019.??.??"]
[SourceVersionDate "2020.03.16"]
[WhiteTeam "zweihochsechs Bielefeld 1"]
[BlackTeam "SG Kirchlengern 1"]

1. e4 e5 2. Nf3 Nc6 3. Bc4 Bc5 4. c3 Nf6 5. d3 d6 6. Bb3 a6 7. h3 Be6 8. Ng5
Bxb3 9. Qxb3 O-O 10. O-O h6 11. Nf3 d5 12. exd5 Qxd5 13. Qxd5 Nxd5 14. Nxe5
Nxe5 15. d4 Bxd4 16. cxd4 Nc6 17. Nc3 Rad8 18. Be3 Nxe3 19. fxe3 Nb4 20. Rac1
Rfe8 21. Nd1 Nd5 22. Rc5 c6 23. Rf3 Rd7 24. a3 Rde7 25. Kf2 h5 26. b4 g6 27.
Ke2 f5 28. Kd3 Kg7 29. Rc1 Re4 30. g3 Kf6 31. Kd2 Kf7 32. a4 R8e7 33. b5 axb5
34. axb5 cxb5 35. Rc5 Nc7 36. Nc3 R4e6 37. Nxb5 Nxb5 38. Rxb5 Re4 39. Rb3 Ke8
40. Rf1 h4 41. Rg1 Kf7 42. gxh4 Rxh4 43. Rg3 Rhe4 44. Rg1 f4 45. Rf1 g5 46.
exf4 Rxd4+ 47. Rd3 Rxf4 48. Rxf4+ gxf4 49. Rd4 Kf6 1/2-1/2

[Event "SG Kirchlengern 1 - zweihochsechs Biele"]
[Site "NRW-Klasse - Gruppe 1 2019/20"]
[Date "2019.09.08"]
[Round "1.6"]
[White "Knollmann, Benjamin"]
[Black "Ehrlich, Tim"]
[Result "1/2-1/2"]
[WhiteElo "1809"]
[BlackElo "1920"]
[PlyCount "67"]
[EventDate "2019.??.??"]
[SourceVersionDate "2020.03.16"]
[WhiteTeam "SG Kirchlengern 1"]
[BlackTeam "zweihochsechs Bielefeld 1"]

1. d4 d5 2. c4 e6 3. Nf3 Nf6 4. Nc3 Be7 5. Bf4 a6 6. e3 O-O 7. Qc2 Nbd7 8. Rd1
Re8 9. Bd3 c5 10. cxd5 exd5 11. dxc5 Nxc5 12. O-O Nxd3 13. Qxd3 Be6 14. Ng5 Qb6
15. Be5 h6 16. Nxe6 fxe6 17. Bd4 Qd6 18. f4 Nd7 19. Qg6 Bf6 20. Ne4 Qf8 21.
Nxf6+ Nxf6 22. Rf3 Qf7 23. Qd3 Ne4 24. Be5 Rac8 25. Rdf1 Qf5 26. Qe2 Rc6 27.
Rh3 Rec8 28. Qh5 Rc1 29. Qxf5 exf5 30. Rh5 Rxf1+ 31. Kxf1 Rc1+ 32. Ke2 Rc2+ 33.
Kf1 Rc1+ 34. Ke2 1/2-1/2

[Event "SG Kirchlengern 1 - zweihochsechs Biele"]
[Site "NRW-Klasse - Gruppe 1 2019/20"]
[Date "2019.09.08"]
[Round "1.7"]
[White "Elefteriadis, Paul-Gabriel"]
[Black "Ott, Helmut"]
[Result "1/2-1/2"]
[WhiteElo "1795"]
[BlackElo "1787"]
[PlyCount "120"]
[EventDate "2019.??.??"]
[SourceVersionDate "2020.03.16"]
[WhiteTeam "zweihochsechs Bielefeld 1"]
[BlackTeam "SG Kirchlengern 1"]

1. d4 g6 2. c4 d6 3. Nc3 Bg7 4. Nf3 Nd7 5. e4 e5 6. Be2 Ngf6 7. O-O O-O 8. Be3
Ng4 9. Bg5 Bf6 10. Bxf6 Ngxf6 11. Re1 c6 12. Bf1 Qe7 13. Qc2 Nb6 14. h3 Nh5 15.
b4 exd4 16. Nxd4 Be6 17. Nd1 Qf6 18. Qc3 Na4 19. Qd2 c5 20. Nc2 Rfd8 21. Rb1
Rac8 22. b5 Qf4 23. Qxf4 Nxf4 24. Nce3 Re8 25. Rc1 Re7 26. Nc3 Nb6 27. Rcd1 Rd7
28. Kh2 g5 29. a4 Rcd8 30. a5 Nc8 31. g3 Ng6 32. Ncd5 Kg7 33. Bg2 Nce7 34. Rd2
Bxd5 35. Nxd5 Nxd5 36. Rxd5 Ne5 37. Rc1 f6 38. f4 gxf4 39. gxf4 Ng6 40. Kg3 Ne7
41. Rd2 f5 42. Rcd1 fxe4 43. Bxe4 Kf6 44. Bxh7 d5 45. cxd5 Rxd5 46. Rxd5 Rxd5
47. Rxd5 Nxd5 48. Bd3 Nb4 49. Bc4 a6 50. bxa6 bxa6 51. h4 Nc6 52. Bxa6 Nxa5 53.
Bd3 c4 54. Be4 c3 55. Kf2 Nc6 56. Ke1 Nd4 57. Kd1 Ne6 58. Kc2 Nxf4 59. Kxc3 Kg7
60. Kd4 Kh6 1/2-1/2

[Event "SG Kirchlengern 1 - zweihochsechs Biele"]
[Site "NRW-Klasse - Gruppe 1 2019/20"]
[Date "2019.09.08"]
[Round "1.8"]
[White "Meyer zu Knolle, Marius"]
[Black "Husemann, Dirk"]
[Result "0-1"]
[WhiteElo "1737"]
[BlackElo "1964"]
[PlyCount "70"]
[EventDate "2019.??.??"]
[SourceVersionDate "2020.03.16"]
[WhiteTeam "SG Kirchlengern 1"]
[BlackTeam "zweihochsechs Bielefeld 1"]

1. d4 c5 2. d5 e5 3. c4 d6 4. Nc3 Be7 5. Nf3 Nf6 6. e4 O-O 7. Be2 Nbd7 8. O-O
a6 9. a4 b6 10. Ne1 Ne8 11. g3 g6 12. Kh1 Kh8 13. Ng2 Ng7 14. Bd2 f5 15. exf5
Nxf5 16. Ne4 Nf6 17. Bd3 Nxe4 18. Bxe4 Bf6 19. Be3 Rb8 20. Qe2 Bd7 21. b3 b5
22. axb5 axb5 23. Ra7 Qc8 24. f3 Rb7 25. Rxb7 Qxb7 26. Ra1 Ra8 27. Qb2 Kg7 28.
Ra3 b4 29. Rxa8 Qxa8 30. Bxf5 Bxf5 31. g4 Qa3 32. Bc1 Qxb2 33. Bxb2 Bc2 34. Ne1
Bxb3 35. Kg1 Bxc4 0-1